[Event "Tourn. n10114"]
[Site "www.echecsemail.com"]
[Date "2019.05.07"]
[Round "1"]
[White "Yudoka"]
[Black "Wd40"]
[WhiteElo "2360"]
[BlackElo "2450"]
[Result "0-1"]
[Round "1"]
1.d4 Ng8f6
2.Ng1f3 d5
3.c4 g6
4.Nb1c3 Bf8g7
5.Bc1f4 O-O
6.e3 c5
7.dxc5 Nf6e4
8.Ra1c1 Nb8d7
9.cxd5 Qd8a5
10.Bf1c4 Ne4xc3
11.bxc3 Bg7xc3
12.Ke2 Nd7xc5
13.Qd1c2 Bc3b4
14.Bf4h6 b5
15.Bc4d3 Rf8d8
16.e4 Bc8a6
17.Bh6d2 Nc5xd3
18.Qc2xd3 Bb4c3
19.Rc1xc3 b4
20.Rc3c4 Qa5xa2
21.Rh1c1 b3
{ resign }
0-1

[Event "Tourn. n10078"]
[Site "www.echecsemail.com"]
[Date "2019.05.07"]
[Round "1"]
[White "Nevaeh"]
[Black "Szustan"]
[WhiteElo "2780"]
[BlackElo "2540"]
[Result "1-0"]
[Round "1"]
1.d4 d5
2.c4 dxc4
3.e4 Ng8f6
4.e5 Nf6d5
5.Bf1xc4 Nd5b6
6.Bc4d3 Nb8c6
7.Bc1e3 Bc8e6
8.Nb1c3 Qd8d7
9.Ng1f3 O-O-O
10.O-O Be6g4
11.Ra1c1 e6
12.Qd1e2 Kb8
13.Bd3e4 Nc6e7
14.Qe2c2 Bg4f5
15.Rf1d1 h6
16.Nf3d2 Nb6d5
17.a3 Bf5xe4
18.Nd2xe4 f5
19.exf6 gxf6
20.Rd1e1 Nd5xe3
21.fxe3 f5
22.Ne4c5 Qd7c6
23.b4 Rh8g8
24.b5 Qc6d6
25.Kh1 e5
26.a4 Qd6g6
27.Nc5d3 Bf8g7
28.a5 exd4
29.Nc3e2 Ne7d5
30.Ne2f4 Qg6f6
31.Nf4xd5 { resign }
1-0

[Event "Tourn. n10053"]
[Site "www.echecsemail.com"]
[Date "2019.05.07"]
[Round "1"]
[White "Traub"]
[Black "Jjmcbride"]
[WhiteElo "1590"]
[BlackElo "1530"]
[Result "0-1"]
[Round "1"]
1.d4 d5
2.c4 e6
3.Nb1c3 c5
4.e3 b6
5.b3 Bf8d6
6.Bc1b2 cxd4
7.exd4 Bc8a6
8.Qd1c2 Bd6f4
9.Nc3e2 Qd8c7
10.Ng1h3 Bf4xh2
11.g3 Bh2xg3
12.Ne2xg3 Nb8d7
13.Ra1c1 dxc4
14.bxc4 Ba6b7
15.Rh1g1 h6
16.Bf1g2 Bb7xg2
17.Rg1xg2 f5
18.d5 Nd7e5
19.Bb2xe5 Qc7xe5
20.Ng3e2 Ng8e7
21.Nh3f4 exd5
22.cxd5 Ra8c8
23.Qc2xc8 Ne7xc8
24.Rg2g6 O-O
25.Rg6e6 Qe5b8
26.Ne2d4 Qb8xf4
27.Rc1d1 Nc8d6
28.Nd4e2 Qf4b4
29.Kf1 Nd6e4
30.d6 Rf8d8
31.Ne2d4 Ne4d2
 { time }
0-1

[Event "Tourn. n10114"]
[Site "www.echecsemail.com"]
[Date "2019.05.07"]
[Round "1"]
[White "Wd40"]
[Black "Cathar"]
[WhiteElo "2450"]
[BlackElo "2200"]
[Result "1-0"]
[Round "1"]
1.e4 c5
2.Nb1a3 Nb8c6
3.Bf1b5 Qd8c7
4.Ng1f3 a6
5.Bb5xc6 Qc7xc6
6.d3 b5
7.O-O Ng8f6
8.Rf1e1 e6
9.c4 d6
10.Bc1g5 Bf8e7
11.b4 cxb4
12.cxb5 Qc6b6
13.Na3c4 Qb6xb5
14.a4 bxa3
15.Ra1b1 Qb5c6
16.e5 dxe5
17.Nf3xe5 Qc6c7
18.Nc4b6 Ra8b8
19.Qd1a4 Nf6d7
20.Nb6xd7 { resign }
1-0

[Event "Tourn. n10064"]
[Site "www.echecsemail.com"]
[Date "2019.05.07"]
[Round "1"]
[White "Fabos12"]
[Black "Bojan"]
[WhiteElo "1990"]
[BlackElo "2020"]
[Result "0-1"]
[Round "1"]
1.d4 e6
2.Ng1f3 b6
3.c4 Bc8b7
4.a3 c5
5.d5 d6
6.e4 exd5
7.cxd5 Bf8e7
8.Bf1b5 Nb8d7
9.Bb5a4 Bb7a6
10.Nb1c3 h6
11.Ba4c6 Ra8c8
12.Qd1a4 Ba6d3
13.Kd2 Bd3xe4
14.Nc3xe4 Rc8c7
15.Rh1e1 Ng8f6
16.Ne4xd6 Kf8
17.Nd6f5 Nd7b8
18.Nf5xe7 Rc7xe7
19.Re1xe7 Qd8xe7
20.Qa4f4 Qe7d8
21.Nf3e5 Nb8xc6
22.Ne5xc6 Qd8xd5
23.Kc2 Qd5xc6
24.Qf4b8 Nf6e8
25.f3 a5
26.Bc1f4 Kg8
27.Ra1e1 Kh7
28.Qb8e5 Qc6g6
29.Qe5e4 Ne8f6
30.Qe4xg6 Kxg6
31.Bf4c7 Nf6d5
32.Bc7d6 Rh8d8
33.Bd6g3 Rd8d7
34.Re1e8 f5
35.Re8e6 Kf7
36.Re6e5 f4
37.Re5xd5 Rd7xd5
38.Bg3xf4 a4
39.Bf4c7 b5
40.Bc7f4 Ke6
41.Kc3 Rd5d4
42.Bf4c7 Rd4c4
43.Kd3 g6
44.g4 h5
45.h3 Kd5
46.Bc7g3 Rc4d4
47.Ke3 Kc4
48.Bg3e5 Rd4d7
49.f4 Rd7d3
50.Ke4 Rd3xh3
51.g5 Rh3g3
52.Be5c3 Rg3g1
53.Kf3 h4
54.Kf2 Rg1g3
55.Bc3e5 b4
56.f5 Rg3xg5
{ resign }
0-1

[Event "Tourn. n10105"]
[Site "www.echecsemail.com"]
[Date "2019.05.07"]
[Round "1"]
[White "Esperanza"]
[Black "Jackbauer"]
[WhiteElo "1850"]
[BlackElo "1870"]
[Result "1-0"]
[Round "1"]
1.e4 c5
2.Ng1f3 d6
3.d4 Bc8g4
4.dxc5 e5
5.cxd6 Bg4xf3
6.Qd1xf3 Bf8xd6
7.Bf1c4 Ng8f6
8.Qf3b3 Qd8d7
9.Nb1c3 O-O
10.O-O Nb8c6
11.Bc4b5 Ra8c8
12.Bc1g5 Bd6e7
13.Ra1d1 Qd7c7
14.Bg5xf6 Be7xf6
15.Nc3d5 Nc6a5
16.Qb3g3 Qc7d6
17.Nd5e3 Qd6c5
18.Rd1d5 Qc5e7
19.Ne3f5 Qe7e6
20.Rd5d6 Qe6xd6
21.Nf5xd6 Rc8xc2
22.b4 Na5c6
23.Bb5xc6 Rc2xc6
24.Nd6xb7 Rf8e8
25.Nb7c5 a5
26.a3 Re8d8
27.h4 h5
28.f4 Rd8e8
29.Nc5d7 Re8e6
30.fxe5 Bf6e7
31.Qg3f3 Rc6c7
32.Qf3xf7 Kh8
33.Qf7xe6 { resign }
1-0

[Event "Tourn. n10102"]
[Site "www.echecsemail.com"]
[Date "2019.05.07"]
[Round "1"]
[White "Souricette64"]
[Black "Claudia"]
[WhiteElo "2000"]
[BlackElo "2010"]
[Result "0-1"]
[Round "1"]
1.d4 d5
2.Bc1g5 Nb8d7
3.Ng1f3 Ng8f6
4.e3 e6
5.Nb1d2 Bf8e7
6.Bf1d3 O-O
7.c3 c5
8.O-O Qd8b6
9.b3 h6
10.Bg5h4 Qb6c7
11.Bh4g3 Be7d6
12.Qd1e2 b6
13.Ra1c1 Bc8b7
14.Rf1e1 Bd6xg3
15.hxg3 e5
16.dxe5 Nd7xe5
17.Nf3xe5 Qc7xe5
18.Nd2f3 Qe5h5
19.Bd3b1 Nf6g4
20.e4 Rf8e8
21.e5 d4
 { time }
0-1

[Event "Tourn. n10108"]
[Site "www.echecsemail.com"]
[Date "2019.05.07"]
[Round "1"]
[White "Pdebonis"]
[Black "Sociopath"]
[WhiteElo "2710"]
[BlackElo "2750"]
[Result "1/2-1/2"]
[Round "1"]
1.e4 c5
2.Ng1f3 d6
3.Bf1b5 Nb8c6
4.O-O Bc8d7
5.Rf1e1 Ng8f6
6.h3 e6
7.c3 Nc6e5
8.Bb5xd7 Qd8xd7
9.d4 Ne5xf3
10.Qd1xf3 cxd4
11.cxd4 d5
12.e5 Nf6g8
13.Bc1d2 Ng8e7
14.Bd2b4 Ne7f5
15.Bb4xf8 Kxf8
16.Qf3d3 g6
17.Nb1d2 Ra8c8
18.Nd2f3 Kg7
19.Qd3d2 Rc8c7
20.g4 Nf5e7
21.Qd2f4 { draw }
1/2-1/2

[Event "Match"]
[Site "www.echecsemail.com"]
[Date "2019.05.07"]
[Round "1"]
[White "Joseph1983"]
[Black "Add"]
[WhiteElo "2180"]
[BlackElo "2100"]
[Result "1/2-1/2"]
[Round "1"]
1.e4 c5
2.c3 Nb8c6
3.Ng1f3 Qd8c7
4.d4 cxd4
5.cxd4 e6
6.a3 Ng8f6
7.Nb1c3 a6
8.Bf1d3 h6
9.d5 exd5
10.exd5 Nc6e5
11.Qd1e2 d6
12.Bc1f4 Bc8g4
13.Bf4xe5 dxe5
14.Qe2xe5 Qc7xe5
15.Nf3xe5 Bf8d6
16.Ne5xg4 Nf6xg4
17.Nc3e4 Ra8d8
18.Ra1d1 O-O
19.h3 Ng4e5
20.O-O Ne5xd3
21.Rd1xd3 Rf8e8
22.Ne4xd6 Rd8xd6
23.Rf1d1 b5
24.f4 f5
25.Kf2 Kf7
26.g4 fxg4
27.hxg4 Kf6
28.Kf3 g6
29.Rd3c3 Re8d8
30.Ke4 Rd8e8
31.Kf3 Re8d8
32.Rd1d2 Rd6xd5
33.Rd2xd5 Rd8xd5
34.Rc3c6 Kf7
35.Rc6xa6 h5
36.gxh5 gxh5
37.Ke4 Rd5c5
38.b4 Rc5c4
39.Ke5 Rc4c3
40.Kd4 Rc3c4
41.Ke5 Rc4c3
42.Kd4 Rc3c4
43.Ke5 Rc4c3
44.f5 h4
45.Ra6a7 Ke8
46.Kd4 Rc3f3
47.Ra7h7 Rf3xf5
48.Rh7xh4 Kd7
49.Rh4e4 Kd6
50.Re4h4 { draw }
1/2-1/2

[Event "Tourn. n10102"]
[Site "www.echecsemail.com"]
[Date "2019.05.07"]
[Round "1"]
[White "Bigrezi"]
[Black "Souricette64"]
[WhiteElo "2240"]
[BlackElo "2030"]
[Result "1-0"]
[Round "1"]
1.e4 c5
2.Ng1f3 e6
3.d4 cxd4
4.Nf3xd4 Nb8c6
5.Nb1c3 Qd8c7
6.Nd4xc6 bxc6
7.Bf1d3 d5
8.O-O Ng8f6
9.Rf1e1 Bf8d6
10.g3 O-O
11.Nc3e2 dxe4
12.Bd3c4 Nf6d5
13.a3 Ra8b8
14.b4 Bd6e5
15.Ra1b1 Bc8b7
16.Bc1b2 Be5xb2
17.Rb1xb2  { time }
1-0

[Event "Tourn. n10081"]
[Site "www.echecsemail.com"]
[Date "2019.05.07"]
[Round "1"]
[White "Yakke"]
[Black "Esperanza"]
[WhiteElo "1770"]
[BlackElo "1660"]
[Result "0-1"]
[Round "1"]
1.e4 e5
2.Ng1f3 Nb8c6
3.Bf1b5 a6
4.Bb5xc6 dxc6
5.Nf3xe5 Qd8d4
6.Qd1h5 g6
7.Ne5f3 Qd4xe4
8.Kd1 gxh5
9.Rh1e1 Qe4xe1
10.Nf3xe1 Bf8g7
11.d3 Bc8g4
12.f3 Bg4f5
13.c3 O-O-O
14.Nb1d2 Bf5xd3
15.Ne1xd3 Rd8xd3
16.Kc2 Rd3d7
17.Nd2e4 Ng8f6
18.Ne4c5 Rd7d5
19.Bc1e3 Rh8e8
20.Be3d4 Re8e2
21.Kb3 Re2xg2
22.h3 b6
23.Nc5xa6 Rd5b5
24.Na6b4 c5
25.Kc4 Rb5a5
26.Nb4c6 Ra5a8
27.Nc6e7 Kd7
28.Ne7f5 cxd4
29.Ra1d1 Ra8xa2
30.Rd1xd4 Kc6
31.Nf5e7 Kb7
32.b4 Nf6e8
33.Ne7f5 Bg7xd4
34.Nf5xd4 Ne8d6
35.Kb3 Rg2b2

0-1

[Event "Tourn. n10102"]
[Site "www.echecsemail.com"]
[Date "2019.05.07"]
[Round "1"]
[White "Apdash"]
[Black "Souricette64"]
[WhiteElo "2180"]
[BlackElo "2000"]
[Result "1-0"]
[Round "1"]
1.e4 c5
2.Ng1f3 g6
3.d4 cxd4
4.Nf3xd4 Nb8c6
5.Bf1c4 Bf8g7
6.c3 Ng8f6
7.Nd4xc6 bxc6
8.Bc1g5 Nf6xe4
9.Bg5e3 d5
10.Bc4d3 Ne4f6
11.O-O O-O
12.Rf1e1 e5
13.f3 Rf8e8
14.Qd1a4 Qd8c7
15.Nb1d2 Bc8d7
16.Be3c5 Ra8b8
17.b4 Nf6h5
18.Qa4xa7 Rb8b7
19.Qa7a3 Nh5f4
20.Bd3f1 Nf4e6
21.Nd2b3 Ne6xc5
22.Nb3xc5  { time }
1-0

[Event "Tourn. n9970"]
[Site "www.echecsemail.com"]
[Date "2019.05.08"]
[Round "1"]
[White "Ff333"]
[Black "Apdash"]
[WhiteElo "2070"]
[BlackElo "2240"]
[Result "1/2-1/2"]
[Round "1"]
1.e4 c5
2.Bf1c4 e6
3.Nb1c3 a6
4.Ng1f3 b5
5.Bc4e2 Bc8b7
6.d3 d5
7.e5 d4
8.Nc3e4 Bb7xe4
9.dxe4 Ng8e7
10.O-O Ne7g6
11.Bc1g5 Qd8c7
12.c3 dxc3
13.bxc3 Nb8c6
14.c4 b4
15.a3 Ng6xe5
16.axb4 Ne5xf3
17.Be2xf3 Nc6e5
18.b5 Bf8d6
19.Ra1xa6 Ra8xa6
20.bxa6 Ne5xf3
21.Qd1xf3 Bd6xh2
22.Kh1 Bh2e5
23.Rf1d1 O-O
24.Rd1d2 Rf8a8
25.Qf3a3 Be5d4
26.Rd2a2 Ra8a7
27.g3 h6
28.Bg5f4 Qc7c6
29.f3 e5
30.Bf4d2 f5
31.exf5 e4
32.Kg2 exf3
33.Qa3xf3 Ra7xa6
34.Qf3xc6 Ra6xc6
35.Ra2a8 Kh7
36.Bd2f4 Rc6f6
37.g4 Rf6b6
38.Ra8a7 Rb6b4
39.g5 hxg5
40.Bf4xg5 Kg8
41.Kf3 Rb4xc4
42.Ke4 Bd4g1
43.Ke5 Rc4g4
44.Ra7a8 Kf7
45.Ra8a7 Kg8
46.Ra7a8 Kh7
47.Bg5f4 Bg1d4
48.Ke4 g5
49.fxg6 Rg4xg6
50.Ra8a7 Kg8
51.Ra7d7 Rg6c6
52.Kd5 Rc6g6
53.Kc4 Rg6g4
54.Bf4c7 Kf8
55.Bc7d6 Ke8
56.Rd7b7 Bd4f2
57.Kc3 Bf2e1
58.Kc2 Be1b4
59.Rb7e7 Kd8
60.Re7h7 Rg4d4
61.Bd6e7 Kc8
62.Be7f6 Rd4f4
63.Bf6e5 Rf4e4
64.Be5d6 Re4e2
65.Kb3 Re2e3
66.Kc4 Re3c3
67.Kb5 Rc3c1
68.Rh7c7 Kd8
69.Kc6 Bb4a5
70.Rc7d7 Ke8
71.Rd7e7 Kd8
72.Re7f7 Rc1e1
73.Rf7f8 Re1e8
74.Rf8f7 Re8e6
75.Rf7a7 Ke8
76.Ra7xa5 Kf7
77.Ra5xc5 Kf6
78.Kd5 Re6e2
79.Bd6f4 Kf5
80.Bf4d6 Re2d2
81.Kc6 Kf6
82.Kd7 Rd2e2
83.Rc5d5 Re2e1
84.Bd6c5 Re1e2
85.Bc5d4 Kg6
86.Bd4c5 Re2e4
87.Bc5e7 Re4g4
88.Ke8 Rg4g2
89.Kf8 Rg2g4
90.Rd5e5 Rg4g2
91.Re5e6 Kf5
92.Re6f6 Ke5
93.Kf7 Rg2g4
94.Be7d6 Kd5
95.Rf6e6 Rg4g5
96.Kf6 Rg5h5
97.Bd6f4 Rh5h1
98.Re6e5 Kd4
99.Ke6 Rh1h8
100.Bf4e3 Kd3
101.Kd6 Rh8d8
102.Kc5 Rd8c8
103.Kb5 Rc8c2
104.Be3c5 Rc2b2
105.Kc6 Rb2b8
106.Re5e3 Kc4
107.Re3e4 Kd3
108.Re4d4 Kc3
109.Bc5b6 { draw }
1/2-1/2

[Event "Tourn. n10051"]
[Site "www.echecsemail.com"]
[Date "2019.05.08"]
[Round "1"]
[White "Fegatux"]
[Black "Comrade"]
[WhiteElo "2220"]
[BlackElo "2270"]
[Result "1-0"]
[Round "1"]
1.d4 d5
2.c4 dxc4
3.e4 e5
4.Ng1f3 exd4
5.Bf1xc4 c5
6.Nf3e5 Bc8e6
7.O-O Be6xc4
8.Ne5xc4 Nb8c6
9.a4 Qd8c7
10.a5 Bf8e7
11.Qd1g4 Ng8f6
12.Qg4f5 O-O
13.Bc1f4 Qc7d7
14.Qf5xd7 Nf6xd7
15.Nb1d2 Ra8d8
16.e5 f6
17.exf6 Nd7xf6
18.Rf1e1 Nf6d5
19.Bf4g3 Nc6b4
20.Re1e4 Rd8d7
21.Nc4e5 Rd7d8
22.Nd2c4 Nd5f6
23.Re4f4 Nf6h5
24.Rf4xf8 Be7xf8
25.Bg3h4 Rd8d5
26.g4 Nh5f4
27.Bh4g3 Nf4e2
28.Kf1 Ne2xg3
29.hxg3 g6
30.Ke2 b5
31.axb6 axb6
32.f4 b5
33.Nc4b6 d3
34.Kd2 Rd5d6
35.Nb6d7 Nb4a6
36.Nd7xf8 Kxf8
37.b3 Na6c7
38.Ra1a7 Nc7e8
39.Ne5d7 Kg8
40.Nd7xc5 Ne8f6
41.g5 Nf6d5
42.Ra7d7 Rd6xd7
43.Nc5xd7 Kf7
44.Nd7c5 Nd5b4
45.Nc5xd3 Nb4d5
46.Nd3c5 Ke7
47.Kd3 Kd6
48.Nc5e4 Kc6
49.Ne4f6 Nd5b4
50.Kc3 Nb4a2
51.Kb2 Na2b4
52.Nf6xh7 Nb4d5
53.Nh7f6 Nd5e7
54.Kc3 Ne7f5
55.g4 Nf5e3
56.Kd4 Ne3g2
57.Nf6d5 Kd6
58.f5 Ng2h4
59.Ke4 gxf5
60.gxf5 Nh4xf5
61.Kxf5 { resign }
1-0

[Event "Match"]
[Site "www.echecsemail.com"]
[Date "2019.05.08"]
[Round "1"]
[White "Tbsundar"]
[Black "Guidom"]
[WhiteElo "2150"]
[BlackElo "2120"]
[Result "1-0"]
[Round "1"]
1.d4 d5
2.c4 e6
3.e3 Ng8f6
4.Nb1d2 Bf8e7
5.Ng1f3 O-O
6.Bf1d3 dxc4
7.Nd2xc4 c6
8.O-O Nb8d7
9.b3 Nd7b6
10.Bc1b2 h6
11.Ra1c1 Nb6xc4
12.bxc4 Bc8d7
13.c5 Rf8e8
14.Nf3e5 Be7f8
15.Bd3b1 Nf6d5
16.Qd1d3 f5
17.a3 Bf8e7
18.g4 Be7f6
19.Ne5xd7 Qd8xd7
20.gxf5 exf5
21.Kh1 Re8e4
22.Qd3b3 Re4e7
23.Rc1e1 Kh8
24.Rf1g1 Ra8e8
25.Rg1g3 f4
26.Qb3d3 Re7e4
27.Rg3f3 Qd7g4
28.Qd3d1 Re4e7
29.e4 Nd5c7
30.e5 Bf6h4
31.Qd1d3 g5
32.d5 Kg8
33.d6 Re7d7
34.Bb1a2 Kf8
35.h3 Qg4h5
36.Qd3f5 Rd7f7
37.Qf5xf7 Qh5xf7
38.Ba2xf7 Kxf7
39.dxc7 Re8c8
40.e6 Ke7
41.Bb2e5 Kxe6
42.Be5xf4 Kd5
43.Bf4d6 b6
44.Rf3f5 Kc4
45.Re1e4 Kb5
46.Re4b4 Ka6
47.cxb6 Kb7
48.bxa7 Ka6
49.Rb4b8 { resign }
1-0

[Event "Tourn. n10122"]
[Site "www.echecsemail.com"]
[Date "2019.05.08"]
[Round "1"]
[White "Picifarkinca"]
[Black "Eugenius"]
[WhiteElo "2130"]
[BlackElo "2000"]
[Result "0-1"]
[Round "1"]
1.Ng1f3 Ng8f6
2.g3 d5
3.Bf1g2 c6
4.O-O g6
5.b3 Bf8g7
6.Bc1b2 O-O
7.d3 b6
8.Nb1d2 Bc8b7
9.c4 c5
10.cxd5 Nf6xd5
11.Bb2xg7 Kxg7
12.Nd2c4 b5
13.Nc4d2 Nd5c3
14.Qd1c2 Nc3xe2
15.Kh1 Nb8a6
16.Qc2b2 f6
17.Ra1e1 Ne2d4
18.Nd2e4 Nd4xf3
{ resign }
0-1

[Event "Tourn. n10117"]
[Site "www.echecsemail.com"]
[Date "2019.05.08"]
[Round "1"]
[White "Sorim"]
[Black "Bojan"]
[WhiteElo "2130"]
[BlackElo "2020"]
[Result "1-0"]
[Round "1"]
1.e4 c5
2.Ng1f3 a6
3.c3 b5
4.d4 e6
5.Bf1e2 Bc8b7
6.Nb1d2 d6
7.O-O Qd8b6
8.Qd1c2 Nb8d7
9.Nd2b3 c4
10.Nb3d2 f6
11.a4 Ng8e7
12.b3 cxb3
13.Qc2xb3 Ra8b8
14.axb5 axb5
15.Qb3xb5 Qb6xb5
16.Be2xb5 Bb7c6
17.Bb5d3 g6
18.Bc1a3 Ne7c8
19.e5 dxe5
20.dxe5 f5
21.Nf3g5 Nd7xe5
22.Bd3c2 Bc6d5
23.Bc2a4 Bd5c6
24.Ng5xe6 Bc6xa4
25.Ba3xf8 Ba4d7
26.Bf8g7 Bd7xe6
27.Bg7xe5 Rb8b2
28.Be5xh8 Rb2xd2
29.Rf1d1 Rd2c2
30.Ra1a8 Kf7
31.h4 h6
32.Rd1d8 { resign }
1-0

[Event "Tourn. n10116"]
[Site "www.echecsemail.com"]
[Date "2019.05.08"]
[Round "1"]
[White "Malbertan"]
[Black "Estonia"]
[WhiteElo "1980"]
[BlackElo "1960"]
[Result "1/2-1/2"]
[Round "1"]
1.e4 c5
2.Ng1f3 Nb8c6
3.d4 cxd4
4.Nf3xd4 Ng8f6
5.Nb1c3 g6
6.Bc1e3 Bf8g7
7.Qd1d2 a6
8.O-O-O O-O
9.Be3h6 e5
10.Nd4b3 b6
11.Bh6xg7 Kxg7
12.Bf1e2 Bc8b7
13.h4 h5
14.f3 Nc6b4
15.g4 d5
16.a3 d4
17.axb4 dxc3
18.Qd2xc3 Qd8e7
19.f4 Nf6xe4
20.Qc3xe5 Qe7xe5
21.fxe5 hxg4
22.Rh1g1 g3
23.Be2f3 Ra8b8
24.Rd1e1 f5
25.exf6 Ne4xf6
26.Bf3xb7 Rb8xb7
27.Rg1xg3 Nf6h5
28.Rg3e3 Rf8f7
29.Nb3d4 Rf7f2
30.Re3e7 Rb7xe7
31.Re1xe7 Kf8
32.Re7b7 b5
33.Rb7b6 Rf2h2
34.Rb6xg6 Rh2xh4
35.Nd4f3 Rh4f4
36.Nf3e5 Rf4f1
37.Kd2 Rf1f2
38.Kc3 Ke7
39.Rg6xa6 Nh5g3
40.Ne5d3 Rf2h2
41.Ra6a7 Kd6
42.Nd3c5 Ng3e2
43.Kd3 Ne2f4
44.Ke3 Nf4d5
45.Ke4 Nd5xb4
46.Nc5b3 Rh2xc2
47.Nb3d4 Rc2xb2
48.Nd4xb5 Kc6
49.Nb5d4 Kb6
50.Ra7a8 Nb4c6
51.Nd4xc6 { draw }
1/2-1/2

[Event "Match"]
[Site "www.echecsemail.com"]
[Date "2019.05.08"]
[Round "1"]
[White "Gimmyg"]
[Black "Luzhin"]
[WhiteElo "2540"]
[BlackElo "2590"]
[Result "1-0"]
[Round "1"]
1.Nb1c3 d5
2.e4 d4
3.Nc3e2 e5
4.Ne2g3 Nb8c6
5.Bf1c4 Qd8f6
6.a3 Qf6g6
7.Ng1f3 h5
8.d3 h4
9.Ng3f5 Bc8xf5
10.exf5 Qg6xf5
11.Nf3g5 Ng8h6
12.O-O O-O-O
13.Qd1f3 Qf5xf3
14.Ng5xf3 h3
15.Bc1xh6 Rh8xh6
16.Nf3g5 f5
17.Ng5xh3 Bf8e7
18.f4 g6
19.Ra1e1 exf4
20.Nh3xf4 Be7d6
21.h3 Nc6e5
22.Nf4e6 Rd8h8
23.Bc4d5 c6
24.Bd5b3 Rh6h4
25.Re1e2 Ne5g4
26.Ne6xd4 Ng4h2
27.Nd4xf5 gxf5
28.Rf1xf5 Rh4f4
29.Rf5xf4 Bd6xf4
30.Re2e7 Kd8
31.Re7f7 Bf4g3
32.Rf7g7 { resign }
1-0

[Event "Match"]
[Site "www.echecsemail.com"]
[Date "2019.05.08"]
[Round "1"]
[White "Goofy"]
[Black "D4minance"]
[WhiteElo "2290"]
[BlackElo "2550"]
[Result "0-1"]
[Round "1"]
1.e4 c5
2.d4 cxd4
3.c3 dxc3
4.Nb1xc3 Nb8c6
5.Ng1f3 d6
6.Bf1c4 a6
7.O-O Ng8f6
8.Bc1f4 e5
9.Nf3g5 exf4
10.Ng5xf7 Qd8d7
11.Nf7xh8 Nc6e5
12.Qd1b3 f3
13.Rf1e1 Qd7g4
14.Bc4f1 Bf8e7
15.Ra1c1 fxg2
16.Bf1e2 Qg4f4
17.Nc3d5 Nf6xd5
18.Qb3xd5 Kf8
19.Rc1c7 Bc8h3
20.Qd5xb7 Ra8e8
21.Re1c1 Be7h4
22.Qb7a7 Qf4xe4
23.Qa7xa6 Ne5f3
24.Be2xf3 Qe4e1
{ resign }
0-1

[Event "Tourn. n10105"]
[Site "www.echecsemail.com"]
[Date "2019.05.08"]
[Round "1"]
[White "Jackbauer"]
[Black "Fabos12"]
[WhiteElo "1870"]
[BlackElo "1900"]
[Result "1-0"]
[Round "1"]
1.e4 e5
2.f4 Nb8c6
3.Ng1f3 exf4
4.d4 g5
5.h3 h5
6.Bf1c4 Bf8g7
7.c3 Ng8e7
8.Nf3xg5 d5
9.Bc4b3 f6
10.Ng5f3 dxe4
11.Nf3g1 Ne7g6
12.Ng1e2 f3
13.Bb3f7 Kxf7
14.Qd1b3 Bc8e6
15.Qb3xb7 Qd8d5
16.Bc1f4 fxe2
{ time. }
1-0

[Event "Match"]
[Site "www.echecsemail.com"]
[Date "2019.05.08"]
[Round "1"]
[White "Calponas"]
[Black "Polskajade"]
[WhiteElo "2060"]
[BlackElo "1809"]
[Result "1-0"]
[Round "1"]
1.d4 d5
2.c4 e6
3.Nb1c3 Bf8e7
4.Ng1f3 Ng8f6
5.Bc1g5 c6
6.e3 Nb8d7
7.Ra1c1  { time }
1-0

[Event "Match"]
[Site "www.echecsemail.com"]
[Date "2019.05.08"]
[Round "1"]
[White "Eeze"]
[Black "Stevep84"]
[WhiteElo "1910"]
[BlackElo "2300"]
[Result "0-1"]
[Round "1"]
1.e4 c6
2.Ng1f3 d5
3.exd5 cxd5
4.d4 Nb8c6
5.h3 Bc8f5
6.c3 e6
7.Bf1d3 Bf5xd3
8.Qd1xd3 Bf8d6
9.O-O Ng8e7
10.Rf1e1 O-O
11.Bc1g5 Qd8c7
12.Nb1d2 h6
13.Bg5xe7 Nc6xe7
14.c4 Bd6f4
15.c5 Ne7g6
16.b4 a6
17.Nf3e5 Ng6xe5
18.dxe5 Bf4xe5
19.Ra1b1 Be5f6
20.Nd2f3 Ra8d8
21.b5 axb5
22.Rb1xb5 e5
23.Qd3f5 Rf8e8
24.Re1b1 Rd8b8
25.a4 e4
26.Nf3d2 Re8e5
27.Qf5f4 Bf6g5
28.Qf4g3 Bg5xd2
29.Kf1 Re5e7
30.Qg3xc7 Re7xc7
31.Ke2 Bd2c3
32.c6 Rc7xc6
33.Rb5xb7 Rb8xb7
34.Rb1xb7 Rc6a6
35.Rb7c7 d4
36.Rc7c4 Kf8
37.Kd1 Ke7
38.Rc4c7 Ke6
39.Kc2 Ra6xa4
40.Rc7xc3 dxc3
41.Kxc3 Kd5
42.g3 Ra4d4
43.Kc2 Rd4d3
44.h4 Kd4
45.h5 e3
46.fxe3 Rd3xe3
{ resign }
0-1

[Event "Match"]
[Site "www.echecsemail.com"]
[Date "2019.05.08"]
[Round "1"]
[White "Luzhin"]
[Black "D4minance"]
[WhiteElo "2580"]
[BlackElo "2509"]
[Result "0-1"]
[Round "1"]
1.d4 Ng8f6
2.c4 e6
3.Ng1f3 d5
4.Nb1c3 dxc4
5.e4 Bf8b4
6.Bc1g5 c5
7.Bf1xc4 cxd4
8.Nf3xd4 Bb4xc3
9.bxc3 Qd8a5
10.Bg5xf6 Qa5xc3
11.Kf1 gxf6
12.Ra1c1 Qc3a5
13.h4 Ke7
14.Rh1h3 Nb8c6
15.Nd4xc6 bxc6
16.Qd1b3 Rh8d8
17.Kg1 Rd8d4
18.Qb3e3 Qa5e5
19.Bc4e2 Ra8b8
20.Qe3a3 Qe5d6
21.Qa3xa7 Rb8b7
22.Qa7a8 Rb7b8
23.Qa8a7 Rb8b7
24.Qa7a8 Rb7c7
25.Rh3e3 h6
26.h5 c5
27.e5 fxe5
28.Qa8f3 Bc8b7
29.Qf3g3 Rc7c8
30.Re3xe5 c4
31.Re5e3 Qd6xg3
32.Re3xg3 Bb7d5
{ resign }
0-1

[Event "Tourn. n10090"]
[Site "www.echecsemail.com"]
[Date "2019.05.08"]
[Round "1"]
[White "Chessdna"]
[Black "Esperanza"]
[WhiteElo "1739"]
[BlackElo "1710"]
[Result "0-1"]
[Round "1"]
1.e4 e5
2.Ng1f3 Nb8c6
3.d4 exd4
4.e5 Bf8b4
5.Bc1d2 Bb4xd2
6.Nb1xd2 Qd8e7
7.Nd2c4 b5
8.Nc4a3 Nc6xe5
9.Nf3xe5 Qe7xe5
10.Bf1e2 a6
11.O-O Ng8e7
12.Be2d3 O-O
13.Rf1e1 Qe5f6
14.c4 dxc3
15.b3 Bc8b7
16.Bd3e4 Bb7xe4
17.Re1xe4 d5
18.Re4e3 d4
19.Re3f3 Qf6e5
20.Na3c2 c5
21.Nc2e1 Ra8d8
22.Ne1d3 Qe5d6
23.Qd1e1 Ne7g6
24.Qe1e4 Rf8e8
25.Qe4f5 Ng6e5
26.Rf3g3 Ne5xd3
27.Rg3xd3 c4
28.bxc4 bxc4
29.Rd3f3 Qd6e6
30.Qf5b1 c2
31.Qb1c1 d3
32.Rf3e3 Qe6d5
33.Re3g3 d2
{ resign }
0-1

[Event "Match"]
[Site "www.echecsemail.com"]
[Date "2019.05.09"]
[Round "1"]
[White "Apdash"]
[Black "Add"]
[WhiteElo "2200"]
[BlackElo "2130"]
[Result "1/2-1/2"]
[Round "1"]
1.e4 d5
2.e5 c5
3.f4 Nb8c6
4.Bf1b5 Qd8b6
5.Bb5xc6 Qb6xc6
6.Ng1f3 d4
7.O-O h6
8.d3 b6
9.c3 e6
10.cxd4 Bc8b7
11.dxc5 Bf8xc5
12.d4 Ra8d8
13.Bc1e3 b5
14.Nb1d2 Bc5b6
15.Ra1c1 Qc6d5
16.Nd2b3 Ng8e7
17.Qd1e2 Ne7f5
18.Be3f2 O-O
19.Rf1d1 Bb7c6
20.Qe2c2 Rd8c8
21.Qc2d2 Rf8d8
22.Qd2d3 b4
23.Nb3c5 Qd5xa2
24.b3 Qa2a5
25.Rc1a1 Qa5b5
26.Qd3xb5 Bc6xb5
27.g4 Bb5e2
28.gxf5 Be2xd1
29.Ra1xd1 Bb6xc5
30.fxe6 fxe6
31.Nf3h4 Bc5b6
32.f5 exf5
33.Nh4xf5 Rc8c3
34.d5 Bb6xf2
35.Kxf2 Rd8f8
36.d6 Rf8xf5
37.Kg2 Rc3c2
38.Kg3 Rc2f2
39.d7 Rf5f3
40.Kg4 h5
41.Kxh5 g6
42.Kg4 Rf3f4
43.Kg3 Rf4f3
44.Kg4 Rf3f4
{ draw }
1/2-1/2

[Event "Tourn. n10093"]
[Site "www.echecsemail.com"]
[Date "2019.05.09"]
[Round "1"]
[White "Souricette64"]
[Black "Odin"]
[WhiteElo "1950"]
[BlackElo "1930"]
[Result "0-1"]
[Round "1"]
1.e4 d6
2.d4 Ng8f6
3.Nb1c3 Nb8d7
4.f4 e5
5.Ng1f3 Bf8e7
6.dxe5 dxe5
7.Bf1c4 h6
8.O-O O-O
9.fxe5 Nf6g4
10.e6 Be7c5
11.Kh1 Ng4f2
12.Rf1xf2 Bc5xf2
13.exd7 Bc8xd7
14.Nf3e5 Bd7e6
15.Bc4xe6 Qd8xd1
 { time }
0-1

[Event "Tourn. n10121"]
[Site "www.echecsemail.com"]
[Date "2019.05.09"]
[Round "1"]
[White "D4minance"]
[Black "Yudoka"]
[WhiteElo "2570"]
[BlackElo "2380"]
[Result "1-0"]
[Round "1"]
1.d4 d5
2.c4 c6
3.Ng1f3 Ng8f6
4.e3 a6
5.Nb1d2 Bc8f5
6.Nf3h4 Bf5g6
7.Nh4xg6 hxg6
8.g3 Nb8d7
9.Bf1g2 e6
10.O-O Bf8e7
11.b3 O-O
12.Bc1b2 Qd8b8
13.Qd1c2 Rf8d8
14.a3 b5
15.c5 e5
16.dxe5 Nd7xe5
17.Qc2c3 Ne5d7
18.b4 Be7f8
19.e4 d4
20.Qc3b3 Nf6g4
21.Nd2f3 d3
22.Nf3d4 Qb8c7
23.Nd4e6 fxe6
24.Qb3xe6 Kh7
25.Qe6xg4 Nd7e5
26.Qg4h3 Kg8
27.Qh3e6 Ne5f7
28.e5 Ra8c8
29.Bg2e4 { resign }
1-0

[Event "Tourn. n10063"]
[Site "www.echecsemail.com"]
[Date "2019.05.09"]
[Round "1"]
[White "Jazzy"]
[Black "Marbachess"]
[WhiteElo "2200"]
[BlackElo "2610"]
[Result "1/2-1/2"]
[Round "1"]
1.Nb1c3 f5
2.e4 fxe4
3.d3 exd3
4.Bf1xd3 Ng8f6
5.Bc1g5 g6
6.h4 Nf6h5
7.Ng1f3 Nb8c6
8.Qd1e2 d6
9.O-O-O Bc8g4
10.Qe2e4 Bg4f5
11.Qe4a4 Bf5xd3
12.Rd1xd3 Qd8d7
13.g4 h6
14.Bg5e3 Nh5f6
15.Rh1g1 Bf8g7
16.g5 hxg5
17.Rg1xg5 Bg7h6
18.Rg5xg6 Bh6xe3
19.Rd3xe3 O-O-O
20.Nc3b5 Kb8
21.Rg6g7 Rh8g8
22.Rg7xe7 Qd7g4
23.Nf3d4 Nc6xe7
24.Qa4xa7 Kc8
25.Re3xe7 Qg4g1
26.Kd2 Qg1xf2
27.Kd3 Qf2f1
28.Kd2 Qf1g2
29.Nd4e2 Nf6e4
30.Kd3 Qg2h3
31.Kd4 c5
32.Kd5 Qh3f5
33.Kc4 Ne4d2
34.Kc3 Qf5f6
35.Kxd2 Qf6xe7
36.Qa7a8 { draw }
1/2-1/2

[Event "Match"]
[Site "www.echecsemail.com"]
[Date "2019.05.09"]
[Round "1"]
[White "Estonia"]
[Black "Stevep84"]
[WhiteElo "1970"]
[BlackElo "2290"]
[Result "0-1"]
[Round "1"]
1.d4 c6
2.c4 d5
3.Nb1c3 Ng8f6
4.Ng1f3 e6
5.e3 Nb8d7
6.Bf1d3 Bf8b4
7.Qd1b3 a5
8.O-O O-O
9.cxd5 exd5
10.a3 Bb4d6
11.e4 dxe4
12.Nc3xe4 Qd8c7
13.Ne4xf6 Nd7xf6
14.Bc1g5 Bc8e6
15.Qb3c2 h6
16.Bg5xf6 gxf6
17.Bd3h7 Kh8
18.Bh7f5 Rf8g8
19.Rf1d1 Be6d5
20.Bf5e4 Bd5xe4
21.Qc2xe4 Ra8e8
22.Qe4h4 Rg8g6
23.g3 f5
24.Ra1c1 Re8g8
25.d5 c5
26.b4 b6
27.bxa5 bxa5
28.Qh4c4 Bd6xg3
29.hxg3 Rg6xg3
30.Kf1 Rg3xf3
31.d6 Qc7d7
32.Qc4xc5 f4
33.Qc5xa5 Qd7h3
34.Ke2 Rg8e8
35.Kd2 Rf3xf2
{ resign }
0-1